[Event "Martigny op 23rd"]
[Site "Martigny"]
[Date "2014.07.25"]
[Round "1"]
[White "Pannatier, Arnaud"]
[Black "Cherniaev, Alexander"]
[Result "0-1"]
[WhiteElo "1788"]
[BlackElo "2434"]
[PlyCount "54"]
[EventDate "2014.07.25"]
[EventType "swiss"]
[EventRounds "7"]
[EventCountry "SUI"]
[SourceTitle "CBM 161 Extra"]
[Source "ChessBase"]
[SourceDate "2014.08.29"]
[SourceVersion "1"]
[SourceVersionDate "2014.08.29"]
[SourceQuality "1"]

1. e4 c6 2. d4 d5 3. Nc3 dxe4 4. Nxe4 Nf6 5. Nxf6+ gxf6 6. Bc4 h5 7. Ne2 Nd7 8. c3 Nb6 9. Bb3 h4 10. h3 Bf5 11. Bf4 e6 12. Bc2 Qd5 13. Rg1 0-0-0 14. Qd2 Nc4 15. Qc1 Be7 16. a4 Na5 17. b4 Nb3 18. Bxb3 Qxb3 19. Qa3 Qxa3 20. Rxa3 a5 21. Rb3 axb4 22. cxb4 Bc2 23. Rb2 Bxa4 24. Nc3 Rxd4 25. Nxa4 Rxf4 26. Nc5 Bxc5 27. bxc5 Rh5 0-1